Recent advances in optimization techniques : (Record no. 8444)
[ view plain ]
| 000 -LEADER | |
|---|---|
| fixed length control field | 01277nam a22003131 4500 |
| 001 - CONTROL NUMBER | |
| control field | 8444 |
| 003 - CONTROL NUMBER IDENTIFIER | |
| rucl marc code | BD-RjUL |
| 005 - DATE AND TIME OF LATEST TRANSACTION | |
| control field | 20211208234605.0 |
| 008 - FIXED-LENGTH DATA ELEMENTS--GENERAL INFORMATION | |
| fixed length control field | 140118s1966 nyua b 101 0 eng |
| 035 ## - SYSTEM CONTROL NUMBER | |
| System control number | (BD-RjUL)8489 |
| 040 ## - CATALOGING SOURCE | |
| Original cataloging agency | DLC/ICU |
| Transcribing agency | ICU |
| Modifying agency | DLC |
| -- | BD-RjUL |
| Language of cataloging | eng |
| 041 ## - LANGUAGE CODE | |
| Language code of text/sound track or separate title | eng |
| 082 00 - DEWEY DECIMAL CLASSIFICATION NUMBER | |
| Classification number | 519.92 |
| Author mark and year | SYR 1966 |
| 111 2# - MAIN ENTRY--MEETING NAME | |
| Meeting name or jurisdiction name as entry element | Symposium on Recent Advances in Optimization Techniques |
| Date of meeting | (1965 : |
| Location of meeting | Carnegie Institute of Technology) |
| 9 (RLIN) | 26305 |
| 245 10 - TITLE STATEMENT | |
| Title | Recent advances in optimization techniques : |
| Remainder of title | proceedings. / |
| Statement of responsibility, etc. | Edited by Abrahim Lavi and Thomas P. Vogl. |
| 260 ## - PUBLICATION, DISTRIBUTION, ETC. (IMPRINT) | |
| Place of publication, distribution, etc. | New York : |
| Name of publisher, distributor, etc. | Wiley , |
| Date of publication, distribution, etc. | c1966 |
| 300 ## - PHYSICAL DESCRIPTION | |
| Pagination | xiii, 656 p. : |
| Illustrations | illus. ; |
| Size | 23 cm. |
| 500 ## - GENERAL NOTE | |
| General note | "Sponsored jointly by the Systems Science and Cybernetics Group of the IEEE and the Optical Society of America." |
| 504 ## - BIBLIOGRAPHY, ETC. NOTE | |
| Bibliography, etc | Includes bibliographies and index. |
| 650 #0 - SUBJECT ADDED ENTRY--TOPICAL TERM | |
| Topical term or geographic name as entry element | Mathematical optimization |
| General subdivision | Congresses. |
| 9 (RLIN) | 23248 |
| 700 1# - ADDED ENTRY--PERSONAL NAME | |
| Personal name | Lavi, Abrahim, |
| Relator term | ed. |
| Personal name | Vogl, Thomas P., |
| Relator term | ed. |
| 710 2# - ADDED ENTRY--CORPORATE NAME | |
| Corporate name or jurisdiction name as entry element | Institute of Electrical and Electronics Engineers. |
| Subordinate unit | Systems Science and Cybernetics Group. |
| 9 (RLIN) | 26291 |
| Corporate name or jurisdiction name as entry element | Optical Society of America. |
| 9 (RLIN) | 26292 |
| Corporate name or jurisdiction name as entry element | Carnegie Institute of Technology. |
| 9 (RLIN) | 26293 |
| 942 ## - ADDED ENTRY ELEMENTS (KOHA) | |
| Source of classification or shelving scheme | Dewey Decimal Classification |
| Koha item type | Books |
| Lost status | Source of classification or shelving scheme | Damaged status | Not for loan | Collection code | Permanent Location | Current Location | Shelving location | Date acquired | Source of acquisition | Cost, normal purchase price | Total Checkouts | Full call number | Date last seen | Copy number | Koha item type |
|---|---|---|---|---|---|---|---|---|---|---|---|---|---|---|---|
| Dewey Decimal Classification | Not For Loan | Non-fiction | Central Library, University of Rajshahi | Central Library, University of Rajshahi | 24/06/1973 | Mitali Pro. | 164.25 | 519.92 SYR 1966 | 18/01/2014 | C-1 | Books |